Singapur-Quiz - Statistiken

Allgemein
  • Dieses Quiz wurde 1.833 mal gespielt
  • Das Durchschnittsergebnis liegt bei 9 aus 22
Antwortstatistiken
Frage Antwort % Korrekt
Amtssprache Englisch
94%
Amtssprache Mandarin
85%
Truppen dieses Landes marschierten 1942 in Singapur ein Japan
79%
Währung Singapurs Singapore Dollar
73%
Land, das 1819 die Stadt gründete Vereinigtes Königreich
70%
Süßigkeit, die 1992 verboten wurde Kaugummi
67%
Singapur hat den zweitgeschäftigsten ___ der Welt nach dem von Shanghai Hafen
57%
Geografische Breite von Singapur (auf ganze Zahlen gerundet) 1° Norden
53%
Begriff der Singapur, Taiwan, Südkorea und Hong-Kong aufgrund ihres schnellen Wirtschaftswachstums bezeichnet {Tiger}staaten
45%
Meer östlich von Singapur Südchinesisches Meer
39%
Beliebte, jedoch stinkende Frucht die in der U-Bahn verboten wurde Durian
37%
Waffe, mit der in Singapur Körperstrafen zugefügt werden Stock
36%
Bedeutung von « Singapur » {Löwen}stadt
34%
Amtssprache Malaiisch
33%
Amtssprache Tamil
27%
Gin cocktail mit Kirsche und Ananas Singapore {Sling}
21%
Name des Flughafens von Singapur Changi
19%
Großstadt in Malaysia, die am nächsten von Singapur liegt {Johor} Bahru
15%
Wasserspuckende Statue und Wahrzeichen Singapurs Merlion
14%
Berühmte Einkaufsstraße, an deren einst Obstplantagen und Gewürze angebaut wurden {Orchard} Road
13%
Premierminister von 1959–1990, oft als « wohlmeinender Diktator » angesehen Lee Kuan-Yew
11%
Begriff für ein halboffenes Food-Court mit günstigen Mahlzeiten {Hawker} Centre
10%
Keine übereinstimmenden Quizze gefunden
Verteilung der Resultate
Anzahl Personen mit jedem Resultat
Perzentil nach korrekt beantworteten Fragen
Ihre Resultats-Entwicklung
Sie haben dieses Quiz noch nicht gespielt